[Event "Copa Mercosur"]
[Site "Villa Martelli"]
[Date "2006.08.02"]
[Round "10"]
[White "COMP ZAP!Chess"]
[Black "Fier, Alexander Hila"]
[Result "1-0"]
[WhiteElo "2600"]
[BlackElo "2459"]
[PlyCount "45"]
[EventDate "2006.07.24"]
[EventType "tourn"]
[EventRounds "13"]
[EventCountry "ARG"]
[EventCategory "8"]

1. e4 e5 2. Nf3 Nc6 3. Bb5 Nf6 4. d4 Nxe4 5. O-O Nd6 6. Bxc6 dxc6 7. dxe5 Nf5
8. Qxd8+ Kxd8 9. b3 Ne7 10. Rd1+ Ke8 11. Nc3 h6 12. Nd4 Ng6 13. Ndb5 cxb5 14.
Nxb5 Bd7 15. Nxc7+ Kd8 16. Nxa8 Kc8 17. Be3 b6 18. Bxb6 Bc6 19. Rd8+ Kb7 20.
Bc7 Be7 21. Rxh8 Nxh8 22. Bd6 Bxd6 23. exd6 1-0

[Event "Copa Mercosur"]
[Site "Villa Martelli"]
[Date "2006.08.03"]
[Round "11"]
[White "Fier, Alexander Hila"]
[Black "Needleman, Gaston"]
[Result "1/2-1/2"]
[WhiteElo "2459"]
[BlackElo "2435"]
[PlyCount "137"]
[EventDate "2006.07.24"]
[EventType "tourn"]
[EventRounds "13"]
[EventCountry "ARG"]
[EventCategory "8"]

1. d4 Nf6 2. Bg5 Ne4 3. h4 c5 4. dxc5 Na6 5. Qd4 Naxc5 6. Nc3 Nxc3 7. Qxc5 Ne4
8. Qd5 Nxg5 9. hxg5 Qb6 10. O-O-O e6 11. Qd2 Qxf2 12. Rh3 Be7 13. Nf3 Qc5 14.
e4 d6 15. e5 dxe5 16. Rh4 b5 17. Re4 f6 18. gxf6 Bxf6 19. Rxe5 Qe7 20. Bxb5+
Kf7 21. Qf4 Rf8 22. Rh5 Kg8 23. Qg4 Rb8 24. c3 Rd8 25. Rdh1 a6 26. Rxh7 Qc5 27.
Qg6 Kf8 28. Rh8+ Ke7 29. Re8+ Rxe8 30. Qxe8+ Kd6 31. Rd1+ Kc7 32. Qf7+ Kb6 33.
Bd3 Rb7 34. Qg6 Ka7 35. Rd2 Bd7 36. Be4 Rc7 37. Qg3 g5 38. Qf2 Qxf2 39. Rxf2
Bb5 40. g4 Be7 41. Nd4 Bd6 42. Nxe6 Re7 43. Bf5 Bc4 44. Nxg5 Bc5 45. Rf3 Be3+
46. Rxe3 Rxe3 47. b3 Bd5 48. c4 Bc6 49. Kd2 Rg3 50. Nf7 Kb6 51. Ne5 Kc5 52. b4+
Kd6 53. Nd3 Ke7 54. Bc8 Rg2+ 55. Kc3 Rxa2 56. b5 Ra3+ 57. Kb4 Rxd3 58. bxc6 Kd6
59. Bxa6 Kxc6 60. Bb5+ Kc7 61. Be8 Rg3 62. Bh5 Kb6 63. c5+ Kc7 64. Kc4 Rg1 65.
Kd5 Rd1+ 66. Ke6 Rc1 67. g5 Rxc5 68. Kf6 Rxg5 69. Kxg5 1/2-1/2

[Event "Copa Mercosur"]
[Site "Villa Martelli"]
[Date "2006.08.04"]
[Round "12"]
[White "Bachmann Schiavo, Axel"]
[Black "Rojas Keim, Luis"]
[Result "1-0"]
[WhiteElo "2448"]
[BlackElo "2464"]
[PlyCount "101"]
[EventDate "2006.07.24"]
[EventType "tourn"]
[EventRounds "13"]
[EventCountry "ARG"]
[EventCategory "8"]

1. e4 e6 2. Qe2 c5 3. g3 Nc6 4. Bg2 Nge7 5. f4 d5 6. d3 b6 7. Nf3 Qc7 8. Nc3
dxe4 9. dxe4 a6 10. Be3 g6 11. Rd1 Bg7 12. e5 O-O 13. Ne4 Nd5 14. Bf2 a5 15. c4
Ba6 16. O-O Rfd8 17. Nd6 Bf8 18. Ng5 Bxd6 19. exd6 Rxd6 20. Ne4 Rdd8 21. b3 Nd4
22. Rxd4 cxd4 23. Bxd4 Qe7 24. Qb2 f5 25. Ng5 h6 26. Nf3 Nb4 27. Ne5 Rab8 28.
a3 Rxd4 29. Qxd4 Nc2 30. Qf2 Qc5 31. Nd7 Qxf2+ 32. Rxf2 Rd8 33. Nxb6 Nxa3 34.
Ra2 Rd1+ 35. Kf2 Nb1 36. Rxa5 Rd2+ 37. Kf1 Rd1+ 38. Kf2 Rd2+ 39. Kf1 Rd1+ 40.
Ke2 Rd2+ 41. Ke3 Bxc4 42. bxc4 Rxg2 43. Kd4 Re2 44. c5 Rb2 45. c6 Rxb6 46. c7
Rc6 47. Rc5 Rxc7 48. Rxc7 Nd2 49. Ke5 Nf3+ 50. Kxe6 Nxh2 51. Kf6 1-0

[Event "Copa Mercosur"]
[Site "Villa Martelli"]
[Date "2006.08.04"]
[Round "12"]
[White "COMP ZAP!Chess"]
[Black "Needleman, Gaston"]
[Result "1-0"]
[WhiteElo "2600"]
[BlackElo "2435"]
[PlyCount "61"]
[EventDate "2006.07.24"]
[EventType "tourn"]
[EventRounds "13"]
[EventCountry "ARG"]
[EventCategory "8"]

1. d4 d6 2. e4 Nd7 3. Nc3 e5 4. Nf3 c6 5. Bc4 Qe7 6. d5 c5 7. a4 g6 8. Bg5 Ngf6
9. O-O h6 10. Be3 Bg7 11. a5 a6 12. Be2 O-O 13. h3 Kh8 14. Kh1 Ng8 15. Nd2 f5
16. exf5 gxf5 17. Nc4 f4 18. Bd2 e4 19. Re1 e3 20. fxe3 f3 21. Bxf3 Ne5 22.
Nxe5 Bxe5 23. Rf1 Qg7 24. Ne2 Bxb2 25. Rb1 Be5 26. Nf4 Ne7 27. g4 Ng6 28. Be4
Nh4 29. Be1 Bxf4 30. exf4 Ng6 31. Qd3 1-0

[Event "Copa Mercosur"]
[Site "Villa Martelli"]
[Date "2006.08.04"]
[Round "12"]
[White "Hungaski, Robert Andrew"]
[Black "Fier, Alexander Hila"]
[Result "0-1"]
[WhiteElo "2412"]
[BlackElo "2459"]
[PlyCount "118"]
[EventDate "2006.07.24"]
[EventType "tourn"]
[EventRounds "13"]
[EventCountry "ARG"]
[EventCategory "8"]

1. e4 Na6 2. d4 c6 3. Nc3 g6 4. f4 Nc7 5. Nf3 d5 6. e5 h5 7. Be3 Nh6 8. Bd3 Bf5
9. g3 Ne6 10. Qd2 Bxd3 11. Qxd3 Qa5 12. O-O-O O-O-O 13. Kb1 Nf5 14. Bf2 Bh6 15.
Ne2 Qb5 16. Qd2 f6 17. Rhe1 Rde8 18. c3 Rhg8 19. Qc2 Bf8 20. Ka1 Nh6 21. b3 Nc7
22. Nc1 f5 23. c4 Qa6 24. Nd3 e6 25. Nc5 Qa3 26. Nd2 Rd8 27. Nb1 Qa5 28. Nd3
Nf7 29. Re2 Qa6 30. c5 b5 31. cxb6 Qxb6 32. Rc1 Kd7 33. Nc3 Na6 34. Na4 Qb5 35.
Qd1 Ba3 36. Rc3 Rc8 37. Rec2 Nd8 38. h3 Nb7 39. Be1 c5 40. Ndxc5+ Nbxc5 41.
Nxc5+ Nxc5 42. dxc5 Rxc5 43. Rxc5 Bxc5 44. Bc3 Rc8 45. Bb2 Bb6 46. Rxc8 Kxc8
47. a4 Qc5 48. Ka2 Qe3 49. Qf1 Qc5 50. g4 hxg4 51. hxg4 Kb7 52. gxf5 gxf5 53.
Qh3 d4 54. Qh7+ Qc7 55. Qh1+ Qc6 56. Qh7+ Ka6 57. Qh3 Qc2 58. Qh8 d3 59. a5 Bd4
0-1

[Event "Copa Mercosur"]
[Site "Villa Martelli"]
[Date "2006.08.04"]
[Round "12"]
[White "Liascovich, Lucas"]
[Black "Prasca Sosa, Raphael"]
[Result "1-0"]
[WhiteElo "2395"]
[BlackElo "2442"]
[PlyCount "95"]
[EventDate "2006.07.24"]
[EventType "tourn"]
[EventRounds "13"]
[EventCountry "ARG"]
[EventCategory "8"]

1. e4 e6 2. Nf3 d5 3. Nc3 Nf6 4. e5 Nfd7 5. d4 c5 6. dxc5 Bxc5 7. Bd3 Nc6 8.
Bf4 f6 9. exf6 Qxf6 10. Bg5 Qf7 11. Qe2 O-O 12. O-O-O Nb6 13. h4 Bd7 14. Be3
Bxe3+ 15. Qxe3 Qf4 16. Rhe1 Qxe3+ 17. fxe3 a6 18. Be2 Rad8 19. e4 Ne7 20. Ne5
Bc8 21. exd5 exd5 22. Bd3 Rfe8 23. a4 Nd7 24. Bxh7+ Kxh7 25. Nf7 Nc6 26. Nxd8
Rxd8 27. Nxd5 Nc5 28. b3 Bg4 29. Rd2 Bh5 30. Nf4 Rxd2 31. Kxd2 Bf7 32. g4 g6
33. Nd3 Nxd3 34. Kxd3 Kg7 35. Ke4 Kf6 36. Rd1 Be6 37. Kf4 Nb4 38. c4 Nc6 39.
Rd6 a5 40. h5 g5+ 41. Kg3 Ne5 42. Rb6 Nf7 43. Rxb7 Nh6 44. Rb6 Ke5 45. b4 axb4
46. a5 b3 47. a6 Bxc4 48. a7 1-0

[Event "Copa Mercosur"]
[Site "Villa Martelli"]
[Date "2006.08.04"]
[Round "12"]
[White "Valerga, Diego"]
[Black "Alonso, Salvador"]
[Result "1/2-1/2"]
[WhiteElo "2470"]
[BlackElo "2441"]
[PlyCount "73"]
[EventDate "2006.07.24"]
[EventType "tourn"]
[EventRounds "13"]
[EventCountry "ARG"]
[EventCategory "8"]

1. e4 c5 2. Nf3 e6 3. c3 d5 4. exd5 Qxd5 5. d4 Nf6 6. Bd3 Be7 7. O-O Nc6 8. Be3
O-O 9. Qe2 cxd4 10. cxd4 b6 11. Nc3 Qh5 12. Ne5 Qxe2 13. Bxe2 Nxe5 14. dxe5 Nd7
15. f4 Bb7 16. Rfd1 Rfd8 17. Nb5 a5 18. Nd6 Bd5 19. Bc4 Bxd6 20. Bxd5 exd5 21.
exd6 Nf6 22. Bxb6 Rxd6 23. Bd4 Ne4 24. Rac1 Rd7 25. Rc2 h5 26. Kf1 f6 27. Rdc1
Rdd8 28. Ke2 a4 29. Kd3 Nd6 30. Rc7 Nf5 31. Ra7 Rab8 32. Rxa4 Nxd4 33. Rxd4
Rxb2 34. Rc2 Rb1 35. g3 Kh7 36. a4 Kg6 37. Rd2 1/2-1/2

[Event "Copa Mercosur"]
[Site "Villa Martelli"]
[Date "2006.08.05"]
[Round "13"]
[White "Alonso, Salvador"]
[Black "Panno, Oscar"]
[Result "1/2-1/2"]
[WhiteElo "2441"]
[BlackElo "2459"]
[PlyCount "21"]
[EventDate "2006.07.24"]
[EventType "tourn"]
[EventRounds "13"]
[EventCountry "ARG"]
[EventCategory "8"]

1. e4 e6 2. d4 d5 3. Nc3 dxe4 4. Nxe4 Nd7 5. Nf3 Ngf6 6. Nxf6+ Nxf6 7. Bd3 c5
8. dxc5 Bxc5 9. O-O O-O 10. Qe2 Be7 11. Bg5 1/2-1/2

[Event "Copa Mercosur"]
[Site "Villa Martelli"]
[Date "2006.08.05"]
[Round "13"]
[White "Fier, Alexander Hila"]
[Black "Liascovich, Lucas"]
[Result "1-0"]
[WhiteElo "2459"]
[BlackElo "2395"]
[PlyCount "83"]
[EventDate "2006.07.24"]
[EventType "tourn"]
[EventRounds "13"]
[EventCountry "ARG"]
[EventCategory "8"]

1. e4 c5 2. Nf3 Nc6 3. d4 cxd4 4. Nxd4 e5 5. Nb5 d6 6. N1c3 a6 7. Na3 b5 8. Nd5
Nge7 9. Bg5 h6 10. Qh5 Be6 11. Rd1 Bxd5 12. exd5 Nd4 13. c3 b4 14. cxd4 bxa3
15. Bc4 Qc7 16. b3 g6 17. Qh3 Bg7 18. Bc1 Qa5+ 19. Bd2 Qb6 20. dxe5 Bxe5 21.
O-O Kf8 22. Qd7 Nf5 23. Bd3 Nd4 24. Be3 Qb4 25. Rc1 Kg7 26. Rc4 Qb5 27. Qg4 h5
28. Qh4 Nf5 29. Bxf5 gxf5 30. Qg5+ Kf8 31. Rfc1 Re8 32. Rd1 f4 33. Bxf4 Bxf4
34. Qxf4 Qxd5 35. Rcd4 Qe5 36. Qxe5 Rxe5 37. Rxd6 Re2 38. R6d2 Rxd2 39. Rxd2
Kg7 40. g3 Rc8 41. Kg2 f6 42. Rd5 1-0

[Event "Copa Mercosur"]
[Site "Villa Martelli"]
[Date "2006.08.05"]
[Round "13"]
[White "Needleman, Gaston"]
[Black "Hungaski, Robert Andrew"]
[Result "1-0"]
[WhiteElo "2435"]
[BlackElo "2412"]
[PlyCount "71"]
[EventDate "2006.07.24"]
[EventType "tourn"]
[EventRounds "13"]
[EventCountry "ARG"]
[EventCategory "8"]

1. e4 e5 2. Nf3 Nc6 3. Bb5 a6 4. Ba4 Nf6 5. d3 b5 6. Bb3 Be7 7. g4 d6 8. g5 Nd7
9. Bd5 Bb7 10. Be3 Na5 11. a3 c6 12. Ba2 Bc8 13. Nbd2 Nf8 14. b4 Nb7 15. d4 Bg4
16. dxe5 Ng6 17. Rg1 Bh5 18. e6 O-O 19. exf7+ Kh8 20. Rg3 d5 21. exd5 Nd6 22.
dxc6 Nf5 23. Rh3 Bg4 24. Nh4 Bxh3 25. Nxg6+ hxg6 26. Qf3 Bxg5 27. Qxh3+ Bh6 28.
Bxh6 gxh6 29. Qc3+ Qd4 30. Qxd4+ Nxd4 31. O-O-O Nxc6 32. Ne4 Ne5 33. Nd6 Ng4
34. Rg1 Rad8 35. Nb7 Rd4 36. Nc5 1-0

[Event "Copa Mercosur"]
[Site "Villa Martelli"]
[Date "2006.08.05"]
[Round "13"]
[White "Rojas Keim, Luis"]
[Black "Valerga, Diego"]
[Result "1/2-1/2"]
[WhiteElo "2464"]
[BlackElo "2470"]
[PlyCount "28"]
[EventDate "2006.07.24"]
[EventType "tourn"]
[EventRounds "13"]
[EventCountry "ARG"]
[EventCategory "8"]

1. e4 c5 2. Nf3 e6 3. d4 cxd4 4. Nxd4 Nf6 5. Nc3 d6 6. Be2 Be7 7. O-O O-O 8. f4
Nc6 9. Be3 Qc7 10. Kh1 Nxd4 11. Qxd4 b6 12. Bf3 e5 13. Qd2 Bb7 14. Rae1 Rac8
1/2-1/2

[Event "Copa Mercosur"]
[Site "Villa Martelli"]
[Date "2006.08.05"]
[Round "13"]
[White "Stamenkovic, Dragan"]
[Black "Slipak, Sergio"]
[Result "1/2-1/2"]
[WhiteElo "2393"]
[BlackElo "2463"]
[PlyCount "24"]
[EventDate "2006.07.24"]
[EventType "tourn"]
[EventRounds "13"]
[EventCountry "ARG"]
[EventCategory "8"]

1. d4 d5 2. Bg5 c6 3. Nf3 h6 4. Bh4 Qb6 5. h3 Bf5 6. e3 e6 7. Bd3 Bxd3 8. Qxd3
Be7 9. Bxe7 Nxe7 10. O-O O-O 11. c4 Nd7 12. Nc3 Qa6 1/2-1/2